000 00277nam a2200109Ia 4500
008 220204s9999 xx 000 0 und d
082 _a82-3
_bMAT
100 _aMather, Ann
245 0 _aCome running, For the love of sara
260 _aLondon
_bMills and Boon
_c1976
942 _cBK
999 _c33177
_d33177